|
|
|
|
| LEADER |
01918cas a2200253 a 4500 |
| 001 |
AALejournalIMF017208 |
| 008 |
230101c9999 xx r poo 0 0eng d |
| 020 |
|
|
|c 5.00 USD
|
| 020 |
|
|
|z 9781475551983
|
| 022 |
|
|
|a 2522-7912
|
| 040 |
|
|
|a BD-DhAAL
|c BD-DhAAL
|
| 100 |
1 |
|
|a Allen, Richard.
|
| 245 |
1 |
0 |
|a How to Improve the Financial Oversight of Public Corporations /
|c Richard Allen, Miguel Alves.
|
| 264 |
|
1 |
|a Washington, D.C. :
|b International Monetary Fund,
|c 2016.
|
| 300 |
|
|
|a 1 online resource (21 pages)
|
| 490 |
1 |
|
|a IMF How To Notes
|
| 500 |
|
|
|a <strong>Off-Campus Access:</strong> No User ID or Password Required
|
| 500 |
|
|
|a <strong>On-Campus Access:</strong> No User ID or Password Required
|
| 506 |
|
|
|a Electronic access restricted to authorized BRAC University faculty, staff and students
|
| 520 |
3 |
|
|a Many studies have highlighted how failures of public corporations (otherwise known as state-owned enterprises) can result in huge economic and fiscal costs. To contain the risks associated with these costs, an effective regime for the financial supervision and oversight of public corporations should be put in place. This note discusses the legal, institutional, and procedural arrangements that governments need to oversee the financial operations of their public corporations, ensure accountability for their performance, and manage the fiscal risks they present. In particular, it recommends that governments should focus their surveillance on public corporations that are large in relation to the economy, create fiscal risks, are not profitable, are unstable financially, or are heavily dependent on government subsidies or guarantees.
|
| 538 |
|
|
|a Mode of access: Internet
|
| 700 |
1 |
|
|a Alves, Miguel.
|
| 830 |
|
0 |
|a IMF How To Notes; How-To Note ;
|v No. 2016/005
|
| 856 |
4 |
0 |
|z Full text available on IMF
|u http://elibrary.imf.org/view/journals/061/2016/005/061.2016.issue-005-en.xml
|z IMF e-Library
|